Behaviour of multilayer PET polymer film insulation in high electric fields; Science, Measurement & Technology; Vol. 151, № 4 (July)

Bibliographic Details
Parent link:Science, Measurement & Technology: IEE Proceedings
Vol. 151, № 4 (July).— 2004.— P. 273 - 277
Other Authors: Gefle O. S., Lebedev S. M., Pokholkov Y. P. Yuri Petrovich, Vitellas I., Agoris D. P.
Summary:Experimental results of breakdown voltage, tanδ and the parameters of partial discharges for multilayer polyfilm insulation are presented. It is shown that the breakdown voltage of multilayer film insulation may be increased approximately by 70% compared with single-layer insulation of the same thickness due to the correct choice of the films' thickness. It is established that this increase in the breakdown voltage is associated with the increase of the ignition voltage of critical partial discharges
В фонде НТБ ТПУ отсутствует
Language:English
Published: 2004
Subjects:
Format: MixedMaterials Book Chapter
KOHA link:https://koha.lib.tpu.ru/cgi-bin/koha/opac-detail.pl?biblionumber=595551

MARC

LEADER 00000naa0a2200000 4500
001 595551
005 20250307103955.0
035 |a (RuTPU)RU\TPU\tpu\16857 
035 |a RU\TPU\tpu\16856 
090 |a 595551 
100 |a 20091126d2004 k||y0rusy50 ba 
101 0 |a eng 
200 1 |a Behaviour of multilayer PET polymer film insulation in high electric fields  |f O. S. Gefle [et al.] 
330 |a Experimental results of breakdown voltage, tanδ and the parameters of partial discharges for multilayer polyfilm insulation are presented. It is shown that the breakdown voltage of multilayer film insulation may be increased approximately by 70% compared with single-layer insulation of the same thickness due to the correct choice of the films' thickness. It is established that this increase in the breakdown voltage is associated with the increase of the ignition voltage of critical partial discharges 
333 |a В фонде НТБ ТПУ отсутствует 
461 |t Science, Measurement & Technology  |o IEE Proceedings 
463 |t Vol. 151, № 4 (July)  |v P. 273 - 277  |d 2004 
610 1 |a труды учёных ТПУ 
701 1 |a Gefle  |b O. S. 
701 1 |a Lebedev  |b S. M. 
701 1 |a Pokholkov  |b Y. P.  |c Russian physicist, electrical engineer, doctor of engineering  |c Rector of the TPU (1990 - 2008), professor  |f 1939-  |g Yuri Petrovich  |3 (RuTPU)RU\TPU\pers\24842 
701 1 |a Vitellas  |b I. 
701 1 |a Agoris  |b D. P. 
801 1 |a RU  |b 63413507  |c 20091126 
801 2 |a RU  |b 63413507  |c 20091126  |g RCR 
942 |c CR